Stained Flags #1 - Statistics

General Stats
  • This quiz has been taken 17 times
  • The average score is 16 of 16
Answer Stats
Picture Answer % Correct
Belarus
100%
Brazil
100%
China
100%
Germany
100%
Japan
100%
Mexico
100%
Poland
100%
Portugal
100%
Russia
100%
Spain
100%
Ukraine
100%
United States
100%
Bhutan
94%
Sri Lanka
94%
Mozambique
88%
Uganda
88%
No matching quizzes found
Score Distribution
Percent of People with Each Score
Percentile by Number Answered
Your Score History
You have not taken this quiz